El Ministro de Obras Públicas visitó el Palacio Provincial
Colección:
San Jorge,
; núm. 6 (abril 1952), pàg. 54-56
Materias:
Suárez de Tangil y de Angulo, Fernando, -- conde de Vallellano
; Palau de la Generalitat de Catalunya
; Barcelona (Catalunya : Província). -- Diputació
; Visites oficials -- Barcelona (Catalunya)
Idioma:
Español
MARC
| LEADER | 00000naa a2200000 a 4500 | ||
|---|---|---|---|
| 003 | Arxiu | ||
| 005 | 20260324181035.0 | ||
| 008 | 160829s1952 spcaxx s spa c | ||
| 245 | 0 | 3 | |a El Ministro de Obras Públicas visitó el Palacio Provincial |
| 490 | |a San Jorge, |v núm. 6 (abril 1952), pàg. 54-56 | ||
| 600 | 1 | 0 | |a Suárez de Tangil y de Angulo, Fernando, |c conde de Vallellano |9 54847 |
| 610 | 2 | 0 | |a Palau de la Generalitat de Catalunya |9 53043 |
| 610 | 1 | 0 | |a Barcelona (Catalunya : Província). |b Diputació |9 52408 |
| 650 | 0 | |9 31008 |a Visites oficials |z Barcelona (Catalunya) | |
| 773 | |g Núm. 6 (abril 1952), pàg. 54-56 |t San Jorge. | ||
| 901 | |a Arxiu | ||
| 942 | |n 1 |2 udc |c ART | ||
| 952 | |0 0 |1 0 |4 0 |6 REV508 |7 1 |9 64647 |a Arxiu |b Arxiu |d 2022-12-02 |l 0 |o Rev-508 |r 2022-12-02 00:00:00 |w 2022-12-02 |y ARXIU |z També disponible a Rev-521 | ||
| 999 | |c 48220 |d 48220 | ||